000 01030pam a2200289 a 4500
001 2099
005 20240221133421.0
020 _a0399229019
020 _a018073003990
040 _aDLC
_cDLC
_dDLC
_beng
050 0 0 _aPZ7.D2394
_bAo 1997
082 0 0 _a813.54
_220
100 1 _aDanziger, Paula
_d1944-2004
245 1 0 _aAmber Brown sees red /
_c Danziger , Paula ; illustrated by Ross, Tony
260 _aNew York :
_bScholastic,
_c1997
300 _a116 pages :
_billustrations ;
_c19 cm .
490 _aAmber Brown
_vBook 6
505 _aO
520 _aThe year that she is in the fourth grade is a difficult one for Amber, as she tries to deal with escalating telephone fights between her divorced parents and her father's impending return to take joint custody of her.
521 _a610
_bLexile
521 _aO
_bRaz-Plus
650 1 _aDivorce
_xFiction.
650 1 _aSchools
_xFiction.
700 1 _aRoss, Tony
_eillustrator
906 _a7
_bcbc
_corignew
_d1
_eocip
_f19
_gy-gencatlg
942 _2ddc
_cBK
_n0
999 _c2099
_d2099